Nelegovaná oceľ. STN 42 0509. EN ISO 15349-2 : Stanovenie nízkeho obsahu uhlíka. Časť 2: Metóda infračervenej absorpcie po spaľovaní v indukčnej peci (s predohrevom). 1.1.2004

Salvato in:
Dettagli Bibliografici
Natura: Libro
Lingua:inglese
Pubblicazione: Bratislava : Slovenský ústav technickej normalizácie, 2004
Soggetti:
Tags: Aggiungi Tag
Nessun Tag, puoi essere il primo ad aggiungerne!!

MARC

LEADER 00000nam a22000003a 4500
001 stu137305
005 20150408163128.9
008 070123s2004----xo------------------eng-d
040 |a STU  |b slo 
041 0 |a eng 
044 |a xo 
245 |a Nelegovaná oceľ. STN 42 0509. EN ISO 15349-2 :  |b Stanovenie nízkeho obsahu uhlíka. Časť 2: Metóda infračervenej absorpcie po spaľovaní v indukčnej peci (s predohrevom). 1.1.2004 
260 |a Bratislava :  |b Slovenský ústav technickej normalizácie,  |c 2004 
300 |a 14 s 
650 7 |a oceľ  |2 stusub 
996 |b 284M075678  |c M*N-1251  |l MMKN  |s A  |a 24  |w stu137305_0001